| 000 | 01013cam a2200277 a 4500 | ||
|---|---|---|---|
| 999 |
_c342659 _d342659 |
||
| 001 | 3035974 | ||
| 003 | NUST | ||
| 005 | 20180112103803.0 | ||
| 008 | 951201s1996 nyua 000 0 eng | ||
| 010 | _a 95051167 | ||
| 020 | _a0684803704 | ||
| 040 |
_aDLC _cDLC _dDLC |
||
| 050 | 0 | 0 |
_aGV979.P8 _bS86 1996 |
| 082 | 0 | 0 |
_a796.35235 _bSTO |
| 100 | 1 |
_aStockton, Dave. _98335 |
|
| 245 | 1 | 0 |
_aDave Stockton's putt to win : _bsecrets for mastering the other game of golf / _cDave Stockton with Al Barkow ; illustrations by Phil Franké |
| 246 | 3 | 0 | _aPutt to win |
| 260 |
_aNew York : _bSimon & Schuster, _c1996. |
||
| 300 |
_a154 p. : _bill. ; _c23 cm. |
||
| 650 | 0 |
_aPutting (Golf) _98336 |
|
| 700 | 1 |
_aBarkow, Al. _98337 |
|
| 906 |
_a7 _bcbc _corignew _d1 _eocip _f19 _gy-gencatlg |
||
| 942 |
_2ddc _cBK |
||